000 00222nam a2200097Ia 4500
008 230508s1990 xx 000 0 und d
041 _aeng
100 _aGORDON & FORD.
245 _aTHE CHEMISTS COMPANION.
260 _c1990
999 _c710746
_d710746